[Event "Santa Catarina-ch (Women)"]
[Site "Lages"]
[Date "2020.02.15"]
[Round "4"]
[White "Lino, Tiffany Marcele"]
[Black "Boava, Livia Vilela"]
[Result "1-0"]
[WhiteElo "1429"]
[BlackElo "1346"]
[PlyCount "121"]
[EventDate "2020.02.14"]
[EventType "swiss"]
[EventRounds "6"]
[EventCountry "BRA"]
[SourceTitle "CBM 195 Extra"]
[Source "ChessBase"]
[SourceDate "2020.05.31"]
[SourceVersion "1"]
[SourceVersionDate "2020.05.31"]
[SourceQuality "1"]

1. d4 Nf6 2. c4 g6 3. Nc3 Bg7 4. g3 d6 5. Bg2 0-0 6. e4 e5 7. Nge2 exd4 8. Nxd4 Nbd7 9. 0-0 Nc5 10. f3 Re8 11. Be3 Ne6 12. Nde2 b6 13. Qc2 Ba6 14. b3 Nc5 15. Rad1 Bb7 16. Qd2 Re7 17. Bg5 Re5 18. f4 Re8 19. e5 Bxg2 20. Kxg2 Nfe4 21. Nxe4 Nxe4 22. Bxd8 Nxd2 23. Rxd2 Raxd8 24. Rfd1 Re6 25. Nd4 Ree8 26. Nb5 Rc8 27. exd6 a6 28. d7 axb5 29. dxc8Q Rxc8 30. Rd8+ Rxd8 31. Rxd8+ Bf8 32. cxb5 Kg7 33. Kf3 Be7 34. Rd3 Kf6 35. h3 Bd6 36. g4 h6 37. Rd4 Bc5 38. Rd8 Bd6 39. Rg8 Bc5 40. Ke4 Bd6 41. a4 Bb4 42. Rc8 Bd6 43. Ra8 Bb4 44. Ra7 Bd6 45. a5 bxa5 46. Rxa5 Ke7 47. Ra8 g5 48. f5 Kf6 49. Ra6 Ke7 50. Kd5 f6 51. Rxd6 cxd6 52. b6 Kd7 53. b7 Kc7 54. b8Q+ Kxb8 55. Kxd6 Kb7 56. Ke6 Kb6 57. Kxf6 Kb5 58. Ke6 Kb4 59. f6 Kxb3 60. f7 Kc3 61. f8Q 1-0